Т. 9: РСФСР (Белгородская, Брянская, Воронежская, Курская, Липецкая, Орловская И Тамбовская области). Период 1961-1965. Вып. 1: Опубликованные работы; Геологическая изученность СССР

Podrobná bibliografie
Parent link:Геологическая изученность СССР: [обзорные главы, рефераты, аннотации и библиографические справки]/ Академия Наук СССР, Комиссия по геологической изученности СССР. Т. 9: РСФСР (Белгородская, Брянская, Воронежская, Курская, Липецкая, Орловская И Тамбовская области). Период 1961-1965. Вып. 1: Опубликованные работы.— , 1961-1988
Další autoři: Тихомиров В. В. Владимир Владимирович
Jazyk:ruština
Vydáno: 1974
Témata:
Médium: MixedMaterials Kniha
KOHA link:https://koha.lib.tpu.ru/cgi-bin/koha/opac-detail.pl?biblionumber=210637

MARC

LEADER 00000nam2a2200000 4500
001 210637
005 20231031192138.0
035 |a (RuTPU)RU\TPU\book\230057 
035 |a RU\TPU\book\229621 
090 |a 210637 
100 |a 20120229d1974 k y0rusy50 ca 
101 0 |a rus 
102 |a RU 
105 |a y ad 001zy 
200 0 |a Т. 9: РСФСР (Белгородская, Брянская, Воронежская, Курская, Липецкая, Орловская И Тамбовская области). Период 1961-1965. Вып. 1: Опубликованные работы 
210 |d 1974 
215 |a 463 с. 
320 |a Авторский указатель: с. 445-450. 
320 |a Предметно-систематический указатель: с. 450-452. 
320 |a Географический указатель: с. 452-459. 
320 |a Указатель минералов, полезных ископаемых и месторождений: с. 459-461. 
461 1 |0 (RuTPU)RU\TPU\book\58444  |t Геологическая изученность СССР  |o [обзорные главы, рефераты, аннотации и библиографические справки]  |f Академия Наук СССР, Комиссия по геологической изученности СССР  |v Т. 9: РСФСР (Белгородская, Брянская, Воронежская, Курская, Липецкая, Орловская И Тамбовская области). Период 1961-1965. Вып. 1: Опубликованные работы  |d 1961-1988 
610 1 |a геология 
610 1 |a геологическая изученность 
610 1 |a СССР 
610 1 |a геологические исследования 
610 1 |a геологическое районирование 
610 1 |a опубликованные источники 
610 1 |a рефераты 
610 1 |a библиографические пособия 
675 |a 55(47+57)  |v 3 
702 1 |a Тихомиров  |b В. В.  |g Владимир Владимирович  |4 651 
801 1 |a RU  |b 63413507  |c 20120217 
801 2 |a RU  |b 63413507  |c 20140522  |g RCR 
942 |c BK